| 000 | 00939nam a22002297a 4500 | ||
|---|---|---|---|
| 005 | 20180625153846.0 | ||
| 010 | _a1718EN-30 ENG-119432 B-687361-362 | ||
| 020 |
_a9788125064121 _c1100.00 |
||
| 035 | _aEN-102964 | ||
| 035 | _aB-687361-362 | ||
| 037 |
_bUppal _adpl |
||
| 082 | _a954.0842 | ||
| 245 |
_aRevisting India's partition : _cedited by Amarjit Singh, Nalini Iyer [and] Rahul K. Gairola _bnew essays on memory, culture, and politics / |
||
| 260 |
_aHyderabad _bOrient BlackSwan _c2016 |
||
| 270 |
_a3-6-752 Himayatnagar _bHyderabad _e500029 |
||
| 300 |
_axxxv,363p. _c23cm(Hb) |
||
| 500 | _aIncludes bibliographical references and index | ||
| 700 | _aIyer, Nalini | ||
| 700 | _a Gairola,Rahul K. | ||
| 942 |
_2ddc _cEN _h954.0842 _mREV |
||
| 999 |
_c142919 _d142919 |
||